[Event "SLO-chT3 West"]
[Site "Otocec"]
[Date "2016.11.26"]
[Round "2"]
[White "Vrcon, Damijan"]
[Black "Solmajer, Luka"]
[Result "1-0"]
[WhiteElo "2197"]
[BlackElo "2048"]
[PlyCount "57"]
[EventDate "2016.11.25"]
[EventType "team-tourn"]
[EventRounds "5"]
[EventCountry "SLO"]
[SourceTitle "EXT 2022"]
[Source "ChessBase"]
[SourceDate "2021.10.06"]
[SourceVersion "1"]
[SourceVersionDate "2021.10.06"]
[SourceQuality "1"]

1. c4 f5 2. g3 g6 3. Bg2 Bg7 4. Nf3 e5 5. 0-0 d6 6. Nc3 c5 7. Rb1 Nc6 8. a3 Nge7 9. d3 0-0 10. Ne1 f4 11. b4 g5 12. Ne4 cxb4 13. Nxg5 a5 14. Nc2 d5 15. axb4 dxc4 16. b5 cxd3 17. bxc6 dxc2 18. Qxc2 Bf5 19. Qc4+ Kh8 20. Rxb7 Bc8 21. Ba3 Bxb7 22. cxb7 Rb8 23. Ne6 Qd7 24. Nxf8 Bxf8 25. Qf7 Qf5 26. Qxf5 Nxf5 27. Bxf8 Rxf8 28. Ra1 Nd6 29. Rxa5 1-0

[Event "SLO-CupT"]
[Site "Radenci"]
[Date "2014.05.04"]
[Round "6"]
[White "Tomazini, Aljosa"]
[Black "Vrcon, Damijan"]
[Result "1-0"]
[WhiteElo "2283"]
[BlackElo "2189"]
[PlyCount "85"]
[EventDate "2014.05.02"]
[EventType "team-tourn"]
[EventRounds "7"]
[EventCountry "SLO"]
[SourceTitle "EXT 2019"]
[Source "ChessBase"]
[SourceDate "2018.10.10"]
[SourceVersion "1"]
[SourceVersionDate "2018.10.10"]
[SourceQuality "1"]
[WhiteTeam "Slovenska Bistrica Impol"]
[BlackTeam "Val Koper"]
[WhiteTeamCountry "SLO"]
[BlackTeamCountry "SLO"]

1. d4 d6 2. Nf3 g6 3. c4 Bg7 4. Nc3 e5 5. e4 Nc6 6. d5 Nce7 7. Be2 f5 8. exf5 gxf5 9. Ng5 Nf6 10. Bh5+ Kf8 11. Bf7 h6 12. Ne6+ Bxe6 13. Bxe6 Qe8 14. Nb5 Qg6 15. 0-0 Ne8 16. Bd7 Kg8 17. Qb3 b6 18. Bd2 Kh7 19. Bxe8 Raxe8 20. Nxc7 Reg8 21. Kh1 Qh5 22. Bb4 Nc8 23. Nb5 Bf8 24. Qh3 Qxh3 25. gxh3 Rg5 26. a4 a5 27. Bd2 Rh5 28. Ra3 Rg8 29. f4 Bg7 30. b4 axb4 31. Bxb4 Bf8 32. Raf3 Rh4 33. Be1 Rxf4 34. Rxf4 exf4 35. Rxf4 Kg6 36. Nd4 Bg7 37. Nxf5 Re8 38. Nh4+ Kh7 39. Nf3 Re2 40. Rf7 Ne7 41. Bc3 Nf5 42. Nd4 Re7 43. Rxf5 1-0

[Event "SLO-CupT"]
[Site "Radenci"]
[Date "2014.05.03"]
[Round "4"]
[White "Lucovnik, Tilen"]
[Black "Vrcon, Damijan"]
[Result "1-0"]
[WhiteElo "2014"]
[BlackElo "2189"]
[PlyCount "93"]
[EventDate "2014.05.02"]
[EventType "team-tourn"]
[EventRounds "7"]
[EventCountry "SLO"]
[SourceTitle "EXT 2019"]
[Source "ChessBase"]
[SourceDate "2018.10.10"]
[SourceVersion "1"]
[SourceVersionDate "2018.10.10"]
[SourceQuality "1"]
[WhiteTeam "Komenda"]
[BlackTeam "Val Koper"]
[WhiteTeamCountry "SLO"]
[BlackTeamCountry "SLO"]

1. e4 c5 2. Nf3 Nf6 3. Nc3 Nc6 4. d4 d5 5. exd5 Nxd5 6. Nxd5 Qxd5 7. c4 Qe4+ 8. Be3 cxd4 9. Nxd4 e5 10. Nxc6 Qxc6 11. a3 Be7 12. Be2 Qxg2 13. Bf3 Qg6 14. Qd5 0-0 15. Rc1 Rd8 16. Qxe5 Be6 17. Be4 Bf6 18. Qxe6 fxe6 19. Bxg6 hxg6 20. Rc2 Rd3 21. Ke2 Rb3 22. Rd1 a5 23. Rd3 Rxd3 24. Kxd3 Rd8+ 25. Ke2 a4 26. c5 Kf7 27. Rc4 Ra8 28. Rb4 e5 29. Rxb7+ Ke6 30. c6 e4 31. c7 Be5 32. Ba7 Rc8 33. Bb8 Bxh2 34. Rb4 Be5 35. Rxe4 Kd5 36. Rxa4 Bxb2 37. Ra5+ Kc6 38. Rg5 Re8+ 39. Kf1 Kb7 40. Rxg6 Bd4 41. Rd6 Bf6 42. a4 Re5 43. Rd2 Ra5 44. Rd8 Rc5 45. Re8 Bc3 46. Rg8 Be5 47. c8Q+ 1-0

[Event "SLO-chT1 West"]
[Site "Ljubljana"]
[Date "2013.09.29"]
[Round "3"]
[White "Vrcon, Damijan"]
[Black "Gantar, Jan"]
[Result "1/2-1/2"]
[WhiteElo "2168"]
[BlackElo "2200"]
[PlyCount "59"]
[EventDate "2013.09.27"]
[EventType "team-tourn"]
[EventRounds "9"]
[EventCountry "SLO"]
[SourceTitle "EXT 2019"]
[Source "ChessBase"]
[SourceDate "2018.10.10"]
[SourceVersion "1"]
[SourceVersionDate "2018.10.10"]
[SourceQuality "1"]
[WhiteTeam "Val Koper"]
[BlackTeam "Komenda"]
[WhiteTeamCountry "SLO"]
[BlackTeamCountry "SLO"]

1. d4 Nf6 2. Nf3 c5 3. c3 e6 4. e3 b6 5. Bd3 Bb7 6. 0-0 Be7 7. Qe2 d6 8. e4 cxd4 9. cxd4 Nbd7 10. Nc3 a6 11. a4 0-0 12. Bf4 Nh5 13. Bd2 g6 14. Rad1 Re8 15. Rfe1 Nhf6 16. Bg5 Qc7 17. Rc1 Qb8 18. e5 Bxf3 19. gxf3 Nh5 20. Bxe7 Rxe7 21. Bxa6 dxe5 22. dxe5 Qxe5 23. Qxe5 Nxe5 24. Rxe5 Rxa6 25. Rd1 Nf6 26. Rd8+ Kg7 27. Rb5 Rd7 28. Rb8 Rd6 29. Rb7 Nd7 30. Kg2 1/2-1/2

[Event "SLO-chT2 West"]
[Site "Ljubljana"]
[Date "2012.10.20"]
[Round "3.4"]
[White "Vrcon, Damijan"]
[Black "Rozic, Adrijan"]
[Result "1-0"]
[WhiteElo "2167"]
[BlackElo "2100"]
[PlyCount "127"]
[EventDate "2012.10.19"]
[EventType "team-tourn"]
[EventRounds "9"]
[EventCountry "SLO"]
[SourceTitle "EXT 2022"]
[Source "ChessBase"]
[SourceDate "2021.10.06"]
[SourceVersion "1"]
[SourceVersionDate "2021.10.06"]
[SourceQuality "1"]
[WhiteTeam "Koper"]
[BlackTeam "Ig"]
[WhiteTeamCountry "SLO"]
[BlackTeamCountry "SLO"]

1. c4 f5 2. g3 Nf6 3. Bg2 e6 4. Nf3 Be7 5. 0-0 0-0 6. d4 d6 7. Nc3 c6 8. b4 Qc7 9. c5 Kh8 10. Bf4 Nd5 11. cxd6 Bxd6 12. Bxd6 Qxd6 13. Qd2 Qxb4 14. Rfc1 Nd7 15. Rab1 Qd6 16. a4 a5 17. e4 Nxc3 18. Qxc3 fxe4 19. Ng5 e5 20. Qc4 Qf6 21. Nxe4 Qe7 22. d5 Ra6 23. d6 Qf7 24. Qxf7 Rxf7 25. Bh3 h6 26. Bxd7 Bxd7 27. Rxb7 Ra8 28. Rc5 Kg8 29. Rxe5 Be6 30. Rc7 Rxc7 31. dxc7 Kf7 32. Nd6+ Kf6 33. Rxe6+ Kxe6 34. c8Q+ Rxc8 35. Nxc8 Kd5 36. Ne7+ Kc5 37. Kf1 Kb4 38. Nxc6+ Kxa4 39. Ke2 Kb5 40. Nxa5 Kxa5 41. Kd3 Kb5 42. Ke4 Kc5 43. Kf5 Kd5 44. f4 h5 45. Kg5 Ke6 46. Kxh5 Kf5 47. h3 Kf6 48. g4 Kf7 49. Kg5 Kf8 50. Kg6 Kg8 51. Kf5 Kf7 52. Ke4 Kf6 53. Kd3 Kg6 54. Kc4 Kf6 55. Kc5 Ke6 56. Kc6 Kf6 57. Kd6 Kf7 58. f5 Kf6 59. h4 Kf7 60. g5 Kf8 61. Ke6 Ke8 62. f6 g6 63. f7+ Kf8 64. h5 1-0

[Event "SLO-chT1 West"]
[Site "Ljubljana"]
[Date "2010.10.15"]
[Round "7.5"]
[White "Jaksa, Cvetko"]
[Black "Vrcon, Damijan"]
[Result "1/2-1/2"]
[WhiteElo "2054"]
[BlackElo "2193"]
[PlyCount "151"]
[EventDate "2010.09.24"]
[EventType "team-tourn"]
[EventRounds "9"]
[EventCountry "SLO"]
[SourceTitle "CBM 138 Extra"]
[Source "ChessBase"]
[SourceDate "2010.10.29"]
[SourceVersion "1"]
[SourceVersionDate "2010.10.29"]
[SourceQuality "1"]
[WhiteTeam "Trebnje BMP"]
[BlackTeam "Koper"]
[WhiteTeamCountry "SLO"]
[BlackTeamCountry "SLO"]

1. b3 c5 2. e3 Nc6 3. Bb5 Qb6 4. Nc3 Nf6 5. Nf3 g6 6. Bb2 Bg7 7. Nd5 Nxd5 8. Bxg7 Rg8 9. Bxc6 Qxc6 10. Bb2 d6 11. d4 c4 12. e4 Nf4 13. d5 Nxg2+ 14. Kf1 Qd7 15. h3 Nf4 16. Nd4 Nxh3 17. bxc4 h5 18. f3 Qc7 19. Qd3 Bd7 20. Bc1 g5 21. Nb5 Bxb5 22. cxb5 Rc8 23. Rxh3 Qxc2 24. Qxc2 Rxc2 25. Be3 g4 26. Rg3 a6 27. bxa6 bxa6 28. Rc1 Rxc1+ 29. Bxc1 Kd7 30. fxg4 hxg4 31. Ra3 Rc8 32. Bf4 Rc4 33. Re3 f5 34. Kf2 fxe4 35. Ra3 e5 36. dxe6+ Kxe6 37. Rxa6 Rd4 38. Ke3 Rc4 39. Rxd6+ Kf5 40. Rd5+ Ke6 41. Ra5 Rc3+ 42. Kxe4 g3 43. Be3 g2 44. Rg5 Rc2 45. a3 Rc3 46. Rxg2 Rxa3 47. Rg6+ Kf7 48. Rd6 Ra5 49. Bd4 Rh5 50. Be5 Rh1 51. Rb6 Rf1 52. Bf4 Ke7 53. Ke5 Kd7 54. Rd6+ Kc7 55. Rf6 Kd7 56. Kf5 Ke7 57. Rc6 Rd1 58. Rc8 Rd5+ 59. Be5 Rd1 60. Bf6+ Kf7 61. Rc7+ Ke8 62. Ke6 Re1+ 63. Be5 Kd8 64. Rb7 Rc1 65. Bd6 Re1+ 66. Kd5 Rd1+ 67. Kc6 Rc1+ 68. Bc5 Ke8 69. Re7+ Kd8 70. Rf7 Re1 71. Rf8+ Re8 72. Rf1 Re2 73. Ra1 Ke8 74. Rf1 Kd8 75. Rd1+ Ke8 76. Rf1 1/2-1/2

[Event "Portoroz 60th Anniv Piran CC"]
[Site "Portoroz"]
[Date "2009.07.25"]
[Round "7"]
[White "Franca, Veronika"]
[Black "Vrcon, Damijan"]
[Result "1-0"]
[WhiteElo "1714"]
[BlackElo "2207"]
[PlyCount "96"]
[EventDate "2009.07.25"]
[EventType "tourn"]
[EventRounds "7"]
[EventCountry "SLO"]
[SourceTitle "EXT 2024"]
[Source "ChessBase"]
[SourceDate "2023.10.10"]
[SourceVersion "1"]
[SourceVersionDate "2023.10.10"]
[SourceQuality "1"]

1. e4 c5 2. Nf3 d6 3. d4 cxd4 4. Nxd4 Nf6 5. Nc3 a6 6. Bc4 e6 7. Bb3 Be7 8. 0-0 0-0 9. f4 Qc7 10. f5 e5 11. Nde2 b5 12. Bg5 Nbd7 13. Ng3 b4 14. Bxf6 Bxf6 15. Nd5 Qc5+ 16. Kh1 Bb7 17. Nh5 Bxd5 18. Bxd5 Rac8 19. Rc1 Kh8 20. c3 Bg5 21. Qg4 Bh6 22. Rf3 Nf6 23. Nxf6 gxf6 24. Rd1 bxc3 25. Rxc3 Qf2 26. Rxc8 Rxc8 27. Bxf7 Qxb2 28. Be6 Rd8 29. Bb3 Qa3 30. Be6 Rb8 31. Bf7 a5 32. Be6 a4 33. Bf7 Qc5 34. g3 Qc2 35. Bd5 Bg5 36. Rf1 Rb2 37. Qh3 Kg7 38. Rg1 Qe2 39. Qg2 Qb5 40. Qf1 Qb6 41. Qf3 Rf2 42. Qh5 Qb8 43. Qf7+ Kh8 44. h4 Bh6 45. Qxf6+ Bg7 46. Qe6 h6 47. Rc1 Rc2 48. Rxc2 Qb1+ 1-0

[Event "Portoroz 60th Anniv Piran CC"]
[Site "Portoroz"]
[Date "2009.07.25"]
[Round "5"]
[White "Janzelj, Tim"]
[Black "Vrcon, Damijan"]
[Result "0-1"]
[WhiteElo "1934"]
[BlackElo "2207"]
[PlyCount "104"]
[EventDate "2009.07.25"]
[EventType "tourn"]
[EventRounds "7"]
[EventCountry "SLO"]
[SourceTitle "EXT 2024"]
[Source "ChessBase"]
[SourceDate "2023.10.10"]
[SourceVersion "1"]
[SourceVersionDate "2023.10.10"]
[SourceQuality "1"]

1. d4 g6 2. c4 Bg7 3. Nc3 c5 4. Nf3 cxd4 5. Nxd4 Nc6 6. Nxc6 bxc6 7. g3 Qa5 8. Bd2 Rb8 9. Rb1 Ba6 10. Bh3 Nf6 11. Nd5 Qd8 12. Nxf6+ Bxf6 13. Qa4 Qb6 14. 0-0 Bc8 15. Rfd1 d6 16. Bxc8 Rxc8 17. Be3 Qb7 18. Rd3 0-0 19. Rb3 Qd7 20. Qxa7 Qg4 21. Qa4 Qxe2 22. Rb6 c5 23. Qb3 h5 24. h4 Qg4 25. Bg5 Bxg5 26. hxg5 Qxg5 27. Re1 h4 28. Qe3 Qxe3 29. Rxe3 hxg3 30. Rxe7 gxf2+ 31. Kxf2 Rb8 32. Reb7 Rxb7 33. Rxb7 Kg7 34. a3 Kf6 35. Ke3 Ke6 36. Rb6 Ra8 37. Ke4 g5 38. Rb3 f5+ 39. Kf3 Rh8 40. Re3+ Kf6 41. Kg2 Rb8 42. b3 f4 43. Rd3 Kf5 44. a4 g4 45. Rxd6 Rxb3 46. a5 Rb2+ 47. Kg1 f3 48. a6 Kf4 49. Rd1 Ra2 50. a7 Rxa7 51. Rd8 Ra1+ 52. Kh2 g3+ 0-1

[Event "Portoroz 60th Anniv Piran CC"]
[Site "Portoroz"]
[Date "2009.07.25"]
[Round "2"]
[White "Vrcon, Damijan"]
[Black "Vidic, Miha"]
[Result "1-0"]
[WhiteElo "2207"]
[BlackElo "1989"]
[PlyCount "57"]
[EventDate "2009.07.25"]
[EventType "tourn"]
[EventRounds "7"]
[EventCountry "SLO"]
[SourceTitle "EXT 2024"]
[Source "ChessBase"]
[SourceDate "2023.10.10"]
[SourceVersion "1"]
[SourceVersionDate "2023.10.10"]
[SourceQuality "1"]

1. Nf3 Nf6 2. c4 g6 3. d4 Bg7 4. Nc3 0-0 5. Bf4 d6 6. e3 h6 7. h3 Nbd7 8. Be2 c6 9. 0-0 a6 10. a3 Nh5 11. Bh2 e5 12. dxe5 dxe5 13. g4 Nhf6 14. Nxe5 Nxe5 15. Bxe5 Qa5 16. Bf4 Rd8 17. Qc2 Qc5 18. Na4 Qe7 19. Nb6 Ra7 20. Rad1 Be6 21. Bf3 Rxd1 22. Rxd1 Qc5 23. Bc7 Nd5 24. b4 Qe7 25. cxd5 Qxc7 26. dxe6 Qxb6 27. exf7+ Kf8 28. Qxg6 a5 29. Rd7 1-0

[Event "SLO-chT2W"]
[Site "Slovenia"]
[Date "2002.11.29"]
[Round "6.4"]
[White "Vrcon, Damijan"]
[Black "Jurkovic, Hrvoje"]
[Result "0-1"]
[WhiteElo "2177"]
[BlackElo "2399"]
[PlyCount "54"]
[EventDate "2002.11.22"]
[EventType "team"]
[EventRounds "7"]
[EventCountry "SLO"]
[SourceTitle "EXT 2005"]
[Source "ChessBase"]
[SourceDate "2004.11.15"]
[SourceVersion "1"]
[SourceVersionDate "2004.11.15"]
[SourceQuality "1"]

1. d4 d5 2. c4 Nc6 3. Nf3 e5 4. Nxe5 Nxe5 5. dxe5 d4 6. g3 Ne7 7. Bg2 Nc6 8. f4 Be6 9. 0-0 Qd7 10. Nd2 h5 11. a3 h4 12. Nf3 hxg3 13. hxg3 Bxc4 14. Qc2 Bd5 15. e4 dxe3 16. Bxe3 Bxf3 17. Bxf3 Nd4 18. Qe4 Bc5 19. Rfd1 Nxf3+ 20. Qxf3 Bxe3+ 21. Qxe3 Qc6 22. Qd3 Rh1+ 23. Kf2 Rh2+ 24. Ke3 Rg2 25. Qd5 Qb6+ 26. Qd4 Qb3+ 27. Ke4 Re2+ 0-1

[Event "SLO-chT2W"]
[Site "Slovenia"]
[Date "2002.11.23"]
[Round "4.3"]
[White "Luzar, Emil"]
[Black "Vrcon, Damijan"]
[Result "0-1"]
[WhiteElo "2185"]
[BlackElo "2177"]
[PlyCount "64"]
[EventDate "2002.11.22"]
[EventType "team"]
[EventRounds "7"]
[EventCountry "SLO"]
[SourceTitle "EXT 2005"]
[Source "ChessBase"]
[SourceDate "2004.11.15"]
[SourceVersion "1"]
[SourceVersionDate "2004.11.15"]
[SourceQuality "1"]

1. e4 c5 2. Nc3 Nc6 3. f4 g6 4. Nf3 Bg7 5. Bc4 e6 6. 0-0 Nge7 7. d3 0-0 8. Qe1 d5 9. Bb3 b6 10. Qh4 Nd4 11. Nxd4 cxd4 12. Ne2 dxe4 13. dxe4 Ba6 14. Re1 Nc6 15. Qg4 d3 16. cxd3 Qxd3 17. e5 Rfd8 18. Bxe6 Bf8 19. Bb3 Bc5+ 20. Kh1 Bf2 21. Rf1 Nd4 22. h3 h5 23. Bxf7+ Kxf7 24. Qg5 Qf5 25. e6+ Kg7 26. Nxd4 Bxd4 27. Qe7+ Kh6 28. g4 hxg4 29. hxg4 Qxg4 30. f5+ g5 31. Rf2 Bb7+ 32. Qxb7 Bxf2 0-1

[Event "SLO-chT2"]
[Site "Slovenia"]
[Date "2002.??.??"]
[Round "9"]
[White "Kljun, Anton"]
[Black "Vrcon, Damijan"]
[Result "1-0"]
[WhiteElo "1847"]
[BlackElo "2177"]
[PlyCount "101"]
[EventDate "2002.04.07"]
[EventType "team"]
[EventRounds "9"]
[EventCountry "SLO"]
[SourceTitle "EXT 2005"]
[Source "ChessBase"]
[SourceDate "2004.11.15"]
[SourceVersion "1"]
[SourceVersionDate "2004.11.15"]
[SourceQuality "1"]

1. e4 c5 2. Nf3 Nf6 3. Nc3 Nc6 4. d4 d5 5. exd5 Nxd5 6. Nxd5 Qxd5 7. Be3 cxd4 8. Nxd4 a6 9. Qf3 Qxf3 10. gxf3 Nb4 11. a3 Nd5 12. Bc4 Nxe3 13. fxe3 e5 14. Nb3 Be7 15. Bd5 0-0 16. h4 h5 17. Nd2 Rd8 18. e4 Rb8 19. Nc4 Bf6 20. Nb6 Be6 21. c4 Re8 22. Bxe6 Rxe6 23. Nd5 Rc8 24. Rc1 Rec6 25. b3 Bd8 26. Ke2 Kf8 27. Kd3 Rg6 28. Rh2 Rg3 29. Ke2 a5 30. Ne3 Rg6 31. Nd5 Rgc6 32. Kd3 Ke8 33. Rg1 Kf8 34. Rc1 Ke8 35. Rg1 g6 36. Rc1 b5 37. Rc3 bxc4+ 38. Rxc4 Rxc4 39. bxc4 Rb8 40. Kc2 Kd7 41. Nc3 Be7 42. Nb5 Kc6 43. Rh1 Rd8 44. a4 Bb4 45. Nc3 Kc5 46. Nd5 Kxc4 47. Rc1 Rb8 48. Kd1+ Kd4 49. Ke2 Rb7 50. Ne3 Be7 51. Rc4# 1-0